| 000 | 00701cam a2200205 a 4500 | ||
|---|---|---|---|
| 001 | 000017438 | ||
| 005 | 20200929165119.0 | ||
| 008 | 780519s1975 ve f000 1 spa | ||
| 035 | _a(DLC) 78345447 | ||
| 040 |
_aDO-SdBNP _bspa _cDLC _dBNPHU |
||
| 050 | 0 | 0 |
_aPQ8549.A682 _bC5 |
| 082 |
_ann _bA727c |
||
| 100 | 1 |
_aArmas Alfonzo, Alfredo, _d1921-1990. _924391 |
|
| 245 | 1 | 0 |
_aCien máuseres, ninguna muerte y una sola amapola / _cAlfredo Armas Alfonzo. |
| 260 |
_aCaracas : _bDirección de Cultura ; _bUniversidad Central de Venezuela, _c1975. |
||
| 300 |
_a230 p. ; _c19 cm. |
||
| 490 | 1 |
_aLetras de Venezuela _v51 |
|
| 830 | 1 |
_aLetras de Venezuela ; _v51 _917348 |
|
| 910 | _aCatalogación por copia / LC | ||
| 999 |
_c16963 _d16963 |
||